1614 1986 1120 1620 1647 1390 1889 1927 1753 1455 1825 1246 1595 1550 1422 1594 1853 1899 1976 1017 1623 1757 1611 1145 1126 1851 1550 1283 1016 1222 1621 1475 1395 1447 1893 1993 1873 1026 1432 1848 1774 1511 1795 1468 1627 1249 1506 1722 1098 1272 1633 1506 1014 1990 1706 1005 1534 1803 1310 1139 1961 1186 1113 1369 1077 1202 1907 1216 1241 1367 1041 1426 1890 1905 1499 1138 1433 1927 1232 1759 1937 1019 1669 1763 1440 1857 1503 1057 1511 1593 1005 1469 1055 1986 1691 1597 1705 1470 1852 BCNSPRNW ULIB Ver.6.0+V

เปลี่ยนเป็นภาษาไทย

Change to English
 แสดงรายละเอียดบรรณานุกรม
  กลับหน้าหลัก

Brief Record : Get Marc (ISO 2709) : E-mail record : QR code < ปิดหน้าต่าง
LEADER : 00000nam 2200000uu 4500
001    13399109340
003     ULIB
008    110329s2553||||th 000 0 tha d
020    789744141651
050  4 HF5718^bฟ221
245 00 ฟังคิดอ่านเขียน :^bรวมทุกศาสตร์เพื่อทำให้คุณฉลาด /^cผู้เขียนและเรียบเรียง, ฝ่ายวิชาการบิสคิต
250    พิมพ์ครั้งที่ 1
260    กรุงเทพฯ :^bบิสคิต,^c2553
300    289 หน้า :^bภาพประกอบ ;^c21 ซม.
650  7 การสื่อทางภาษา
650  7 การสื่อสารในองค์การ
650  7 การสื่อสารทางธุรกิจ
710 2  ฝ่ายวิชาการบิสคิต
945    ^p195^l0^i029973
945    ^p195^l0^i029972
945    ^p195^l0^i001376
995    เกษร
999 ^a ใช้งานได้ทุกระบบ
รายการนี้ยังไม่มีแท็ก
คุณยังไม่ได้ล็อกอิน คุณสามารถมีกิจกรรมร่วมกับเว็บไซต์ได้ แต่ต้องล็อกอินก่อน ::
  ล็อกอิน

รายการสื่อสารสนเทศ

ลำดับที่ ประเภท เลขเรียก/บาร์โค้ด สถานที่ สถานะ
1. วิทยาศาสตร์การแพทย์ และสุขภาพ
วิทยาศาสตร์การแพทย์ และสุขภาพ
HF5718 ฟ221 ฉ.3 
  Barcode: 001376
ห้องสมุดวิทยาเขตสวรรค์ประชารักษ์
►หนังสือทั่วไป
บนชั้น

รายการใกล้เคียง
    หัวเรื่อง [การสื่อทางภาษา]
    หัวเรื่อง [การสื่อสารในองค์การ]
    หัวเรื่อง [การสื่อสารทางธุรกิจ]

BibComment


ยังไม่เคยถูกคอมเมนท์

คอมเมนท์ทรัพยากรรายการนี้
  คอมเมนท์: ฟังคิดอ่านเขียน ..


 Copyright 2026. Bcnsprnw @Library